000 00881nam a2200253 a 4500
999 _c10768
_d10768
001 10768
003 BD-JhCC
005 20220623134023.0
008 180908s20182010bg a|||| |||| 000 0 ben d
020 _a9847030500763
035 _a(BD-JhCC)10768
040 _aBD-JhCC
_dBD-JhCC
041 _aben
082 _a332.642
_bAHA 2018
100 _aআহমেদ, তৌহিদ
245 _aস্টক এক্সচেঞ্জ ও শেয়ারবাজার বিনিয়োগ /
_b
_cতৌহিদ আহমেদ
260 _aঢাকা :
_bইছামতি প্রকাশনী,
_c২০১৮.
300 _a৩১৫ পৃ. :
_bচিত্রাবলী,
_c২১ সেমি.
504 _aIncludes Bibliography
650 _aStock exchanges
650 _aPortfolio management
650 _aInvestment analysis
942 _2ddc
_cBK
_03